书目信息 |
| 题名: |
工程图与表现图投影基础
|
|
| 作者: | 高燕 主编 | |
| 分册: | 下册 | |
| 出版信息: | 北京 中国建筑工业出版社 2019.08 |
|
| 页数: | 207页 | |
| 开本: | 21x28cm | |
| 丛书名: | ||
| 单 册: | ||
| 中图分类: | TU204 | |
| 科图分类: | ||
| 主题词: | 建筑制图--jian zhu zhi tu--透视投影--高等学校--教材 | |
| 电子资源: | ||
| ISBN: | 978-7-112-23703-6 | |
| 000 | 00965nam 2200277 450 | |
| 001 | CAL 009677264 | |
| 005 | 20190821171048.4 | |
| 010 | @a978-7-112-23703-6@dCNY88.00 (含习题集) | |
| 100 | @a20190821d2019 em y0chiy50 ea | |
| 101 | 0 | @achi |
| 102 | @aCN@b110000 | |
| 105 | @aa a 000yy | |
| 106 | @ar | |
| 200 | 1 | @a工程图与表现图投影基础@Agong cheng tu yu biao xian tu tou ying ji chu@h下册@f高燕主编@Fgao yan zhu bian |
| 205 | @a第2版 | |
| 210 | @a北京@c中国建筑工业出版社@d2019.08 | |
| 215 | @a207页@c图@d21x28cm@e习题集1册 (119叶) | |
| 320 | @a有书目 | |
| 330 | @a本书介绍了透视的基本知识、透视的基本画法、透视的实用画法、曲线、曲面的透视、阴影的基本知识、平面立体及建筑形体的阴影、曲面立体的阴影等。 | |
| 333 | @a高等学校教材 | |
| 586 | @a | |
| 606 | 0 | @a建筑制图@Ajian zhu zhi tu@x透视投影@x高等学校@j教材 |
| 690 | @aTU204@v5 | |
| 701 | 0 | @a高燕@Agao yan@4主编 |
| 801 | 0 | @aCN@c20190821 |
| 905 | @a河南城建学院图书馆@dTU204@eG205=2:2@f2 | |
| 工程图与表现图投影基础.下册/高燕主编.-第2版.-北京:中国建筑工业出版社,2019.08 |
| 207页:图;21x28cm+习题集1册 (119叶) |
| 使用对象:高等学校教材 |
| ISBN 978-7-112-23703-6:CNY88.00 (含习题集) |
| 本书介绍了透视的基本知识、透视的基本画法、透视的实用画法、曲线、曲面的透视、阴影的基本知识、平面立体及建筑形体的阴影、曲面立体的阴影等。 |
| ● |
| 相关链接 |
|
|
|
正题名:工程图与表现图投影基础
索取号:TU204/G205=2:2
 
预约/预借
| 序号 | 登录号 | 条形码 | 馆藏地/架位号 | 状态 | 备注 |
| 1 | 1415408 | 214154083 | 建筑库101/101建筑库 108排2列3层/ [索取号:TU204/G205=2:2] | 在馆 | |
| 2 | 1415409 | 214154092 | 建筑库101/101建筑库 108排2列3层/ [索取号:TU204/G205=2:2] | 在馆 |